<?xml version="1.0" encoding="UTF-8"?>
<collection xmlns="http://www.loc.gov/MARC21/slim">
 <record>
  <leader>05746nam a2200337 a 4500</leader>
  <controlfield tag="001">kal3397</controlfield>
  <controlfield tag="003">Gr-AtHEAL</controlfield>
  <controlfield tag="005">20160427112044.0</controlfield>
  <controlfield tag="006">m        d        </controlfield>
  <controlfield tag="008">160413s2015    gr      s           gre|c</controlfield>
  <datafield tag="020" ind1=" " ind2=" ">
   <subfield code="a">9789606030970</subfield>
  </datafield>
  <datafield tag="040" ind1=" " ind2=" ">
   <subfield code="a">GR-AtHEAL</subfield>
   <subfield code="b">gre</subfield>
   <subfield code="c">GR-AtHEAL</subfield>
  </datafield>
  <datafield tag="082" ind1="0" ind2="4">
   <subfield code="a">371.33</subfield>
   <subfield code="2">23</subfield>
  </datafield>
  <datafield tag="100" ind1="1" ind2=" ">
   <subfield code="a">Δημητριάδης, Σταύρος.</subfield>
   <subfield code="8">1651</subfield>
  </datafield>
  <datafield tag="245" ind1="1" ind2="0">
   <subfield code="a">Θεωρίες μάθησης και εκπαιδευτικό λογισμικό</subfield>
   <subfield code="h">[Ηλεκτρονικός πόρος] </subfield>
   <subfield code="c">Δημητριάδης, Σταύρος ; Κριτικός αναγνώστης,Τσιάτσος, Θρασύβουλος-Κωνσταντίνος ; Τεχνική επιμέλεια,Καρακώστας, Αναστάσιος ; Γλωσσική επιμέλεια,Κονάχος, Δημήτριος.</subfield>
  </datafield>
  <datafield tag="260" ind1=" " ind2=" ">
   <subfield code="a">Αθήνα :</subfield>
   <subfield code="b">Σύνδεσμος Ελληνικών Ακαδημαϊκών Βιβλιοθηκών,</subfield>
   <subfield code="c">c2015.</subfield>
  </datafield>
  <datafield tag="490" ind1=" " ind2=" ">
   <subfield code="a">Ακαδημαϊκά Ηλεκτρονικά Συγγράμματα και Βοηθήματα Κάλλιπος</subfield>
   <subfield code="8">40</subfield>
  </datafield>
  <datafield tag="520" ind1=" " ind2=" ">
   <subfield code="a">Το βιβλίο καλύπτει τις σύγχρονες θεωρίες μάθησης που προτείνουν προδιαγραφές για τη σχεδίαση και αξιοποίηση εκπαιδευτικού λογισμικού (ΕΛ). Τα κεφάλαια είναι σχεδιασμένα έτσι ώστε καθένα από αυτά να αναφέρεται σε μια συγκεκριμένη θεωρία συνοδευόμενη από θέματα σχεδίασης/ανάπτυξης ΕΛ που προδιαγράφεται από τη θεωρία. Το βιβλίο προτείνεται για αναγνώστες με υπόβαθρο:(α) Τεχνολογικό (πχ. φοιτητές τμημάτων Πληροφορικής) περιλαμβάνοντας θέματα όπως: αρχιτεκτονική λογισμικού και διαγράμματα UML, σχεδίαση διεπαφής, γλώσσες/εργαλεία μοντελοποίησης (IMS-LD), αρχιτεκτονικές προσαρμοστικών και ευφυών τεχνολογικών συστημάτων για τη μάθηση, κλπ. (β) Παιδαγωγικό (πχ. φοιτητές Παιδαγωγικών τμημάτων) καλύπτοντας θέματα: θεωρίες μάθησης &amp; σημαντικοί εκπρόσωποί τους, διδακτικά μοντέλα, μαθησιακές προδιαγραφές ΕΛ, παιδαγωγική αξιοποίηση ΕΛ, κλπ.Το βιβλίο περιλαμβάνει οδηγό χρήσης που προτείνει επιλογές κεφαλαίων και θεματικών ενοτήτων ανάλογα με τον ιδιαίτερο στόχο και υπόβαθρο του διδάσκοντος και των εκπαιδευομένων. Η δομή του βιβλίου οργανώνεται ως εξής:(α) Κεφάλαιο 1: εισαγωγικό κεφάλαιο. Παρουσιάζει ένα συνεπές εννοιολογικό πλαίσιο που αποτελεί βάση για την ανάπτυξη των επόμενων κεφαλαίων. (β) Κεφάλαια 2-7: Κάθε κεφάλαιο φέρει τον τίτλο μιας θεωρίας μάθησης και παρουσιάζει (Α) τις θέσεις της θεωρίας και σχετικές διδακτικές προσεγγίσεις, και (Β) την επίδρασή της στη σχεδίαση ΕΛ (παραδείγματα και αρχιτεκτονικές σχετικών λογισμικών, επίδραση στη σχεδίαση διεπαφών χρήστη, σύγχρονα τεχνολογικά εργαλεία και εξελίξεις). (γ) Κεφάλαια 8-9: ειδικά κεφάλαια που εμβαθύνουν σε 2 από τις σημαντικότερες σήμερα περιοχές της τεχνολογικά υποστηριζόμενης μάθησης: (1) Συνεργατική μάθηση με την υποστήριξη υπολογιστή, και (2) Προσαρμοστικά και Ευφυή συστήματα (με έμφαση επίσης στη συνεργασία). Ακόμη περιλαμβάνεται και ένα Παράρτημα (Αρχιτεκτονική λογισμικού &amp; διαγράμματα UML). Στο τέλος κάθε κεφαλαίου υπάρχει η ενότητα &quot;Βοηθήματα Μελέτης&quot; με υλικό εμβάθυνσης (διαδραστικές ερωτήσεις, πηγές, κ.ά.).</subfield>
  </datafield>
  <datafield tag="650" ind1=" " ind2="0">
   <subfield code="a">Educational technology</subfield>
   <subfield code="8">2671</subfield>
  </datafield>
  <datafield tag="650" ind1=" " ind2="0">
   <subfield code="a">Education</subfield>
   <subfield code="x">Data processing</subfield>
   <subfield code="8">2672</subfield>
  </datafield>
  <datafield tag="653" ind1=" " ind2=" ">
   <subfield code="a">Σχεδίαση εκπαιδευτικού λογισμικού</subfield>
  </datafield>
  <datafield tag="653" ind1=" " ind2=" ">
   <subfield code="a">Εκπαιδευτικό λογισμικό</subfield>
  </datafield>
  <datafield tag="653" ind1=" " ind2=" ">
   <subfield code="a">Εκπαιδευτικές τεχνολογίες</subfield>
  </datafield>
  <datafield tag="653" ind1=" " ind2=" ">
   <subfield code="a">Θεωρίες μάθησης</subfield>
  </datafield>
  <datafield tag="653" ind1=" " ind2=" ">
   <subfield code="a">Επιστήμη υπολογιστών/Πληροφορική</subfield>
   <subfield code="a">Αρχές ανάπτυξης λογισμικού</subfield>
  </datafield>
  <datafield tag="700" ind1="1" ind2=" ">
   <subfield code="a">Τσιάτσος, Θρασύβουλος-Κωνσταντίνος</subfield>
   <subfield code="e">Κριτικός αναγνώστης</subfield>
   <subfield code="8">1652</subfield>
  </datafield>
  <datafield tag="856" ind1="4" ind2="0">
   <subfield code="u">http://hdl.handle.net/11419/3397</subfield>
   <subfield code="z">Πλήρες Κείμενο - Full text</subfield>
  </datafield>
  <datafield tag="907" ind1=" " ind2=" ">
   <subfield code="a">.b25678206</subfield>
   <subfield code="b">12-06-18</subfield>
   <subfield code="c">29-07-16</subfield>
  </datafield>
  <datafield tag="949" ind1=" " ind2=" ">
   <subfield code="0">0</subfield>
   <subfield code="1">0</subfield>
   <subfield code="2">ddc</subfield>
   <subfield code="4">0</subfield>
   <subfield code="6">371_330000000000000_ΔΗΜ</subfield>
   <subfield code="7">0</subfield>
   <subfield code="8">KALL</subfield>
   <subfield code="8">579</subfield>
   <subfield code="d">2016-04-13</subfield>
   <subfield code="r">2016-04-13</subfield>
   <subfield code="w">2016-04-13</subfield>
   <subfield code="z">371.33 ΔΗΜ</subfield>
   <subfield code="o">SEAB KALLIPOS</subfield>
  </datafield>
  <datafield tag="998" ind1=" " ind2=" ">
   <subfield code="a">80</subfield>
   <subfield code="a">01</subfield>
   <subfield code="a">02</subfield>
   <subfield code="a">03</subfield>
   <subfield code="a">04</subfield>
   <subfield code="a">05</subfield>
   <subfield code="a">06</subfield>
   <subfield code="a">07</subfield>
   <subfield code="a">08</subfield>
   <subfield code="a">09</subfield>
   <subfield code="a">10</subfield>
   <subfield code="a">11</subfield>
   <subfield code="a">12</subfield>
   <subfield code="a">13</subfield>
   <subfield code="a">14</subfield>
   <subfield code="a">15</subfield>
   <subfield code="a">16</subfield>
   <subfield code="a">17</subfield>
   <subfield code="a">18</subfield>
   <subfield code="a">19</subfield>
   <subfield code="a">20</subfield>
   <subfield code="a">21</subfield>
   <subfield code="a">22</subfield>
   <subfield code="a">23</subfield>
   <subfield code="a">24</subfield>
   <subfield code="a">25</subfield>
   <subfield code="a">26</subfield>
   <subfield code="b">11-05-17</subfield>
   <subfield code="c">m</subfield>
   <subfield code="d">z  </subfield>
   <subfield code="e">-</subfield>
   <subfield code="f">gre</subfield>
   <subfield code="g">gr </subfield>
   <subfield code="h">0</subfield>
  </datafield>
  <datafield tag="942" ind1=" " ind2=" ">
   <subfield code="2">ddc</subfield>
   <subfield code="c">KALLIPOS</subfield>
  </datafield>
 </record>
</collection>
